La cité moderne et la métaphysique de la sociologie / (Record no. 156131)

MARC details
000 -LEADER
campo de control de longitud fija 00857nam a22002295i 4500
001 - NÚMERO DE CONTROL
campo de control 156131
003 - IDENTIFICADOR DE NÚMERO DE CONTROL
campo de control ES-MaACL
005 - FECHA Y HORA DE LA ÚLTIMA TRANSACCIÓN
campo de control 20250805062612.0
008 - DATOS DE LONGITUD FIJA--INFORMACIÓN GENERAL
campo de control de longitud fija 020927s1894 fr |||| | fre d
040 ## - FUENTE DE CATALOGACIÓN
Centro catalogador/agencia de origen CCPB | B
Lengua de catalogación spa
Centro/agencia transcriptor CCPB | B
100 1# - ENTRADA PRINCIPAL--NOMBRE DE PERSONA
Nombre de persona Izoulet, Jean.
9 (RLIN) 128220
245 13 - MENCIÓN DEL TÍTULO
Título La cité moderne et la métaphysique de la sociologie /
Mención de responsabilidad, etc. par Jean Izoulet.
260 ## - PUBLICACIÓN, DISTRIBUCIÓN, ETC.
Lugar de publicación, distribución, etc. Paris :
Nombre del editor, distribuidor, etc. Félix Alcan, Ancienne Librairie Germer Baillère et C\pie\s,
Fecha de publicación, distribución, etc. 1894 (
Lugar de fabricación/manufactura Corbeil :
Fabricante Imprimerie Crété)
300 ## - DESCRIPCIÓN FÍSICA
Extensión IX, 691 p. ;
Dimensiones 23 cm.
490 1# - MENCIÓN DE SERIE
Mención de serie Bibliothèque de la philosophie contemporaine
650 #7 - PUNTO DE ACCESO ADICIONAL DE MATERIA--TÉRMINO DE MATERIA
Término de materia o nombre geográfico como elemento de entrada Sociología
Fuente del encabezamiento o término embne
9 (RLIN) 17195
752 ## - ENTRADA AGREGADA--NOMBRE JERÁRQUICO DEL LUGAR
País o entidad superior Francia -
Ciudad París
752 ## - ENTRADA AGREGADA--NOMBRE JERÁRQUICO DEL LUGAR
País o entidad superior Francia -
Ciudad Corbeil
830 0# - PUNTO DE ACCESO ADICIONAL DE SERIE-TÍTULO UNIFORME
Título uniforme Bibliothèque de la philosophie contemporaine
9 (RLIN) 188403
852 ## - LOCALIZACIÓN
Ubicación ES-MaACL
Número de control de estantería B-6609
Nota libre -- Enc. pasta española
Holdings
Estatus retirado Estado de pérdida Estado de daño No para préstamo Colección Biblioteca de origen Biblioteca actual Ubicación en estantería Fecha de adquisición Fuente de adquisición Total de préstamos Signatura topográfica completa Código de barras Visto por última vez Precio de reemplazo Tipo de ítem Koha
        Libros del s. XIX Biblioteca del Ateneo de Madrid Biblioteca del Ateneo de Madrid Sala Pardo Bazán 17/01/2008     B-6609 1163340 23/02/2023 23/02/2023 Libro impreso antiguo